000 00356nam a2200145Ia 4500
003 LK-CoDNM
008 010623t1922 xxu||||| |||| 00| 1 eng d
040 _aLK-CoDNM
_dLK-CoDNM
_eLK-CoDNM
041 _aeng
080 _a50
_bK16
245 _aPlates Ceylon annual,1922
260 _bPlate Ltd
_aColpetty
_c1922
300 _b54p,ill,pl., 27 cm
942 _cBK
999 _c91018
_d91018